| 000 | 01063cad a2200241 4500 | ||
|---|---|---|---|
| 001 | L150684 | ||
| 008 | 100817s2010 000 0 eng u | ||
| 020 | _a9781848020474 | ||
| 035 | _a(Sirsi) u150684 | ||
| 041 | _aeng. | ||
| 050 | 0 | 4 | _a690.241 $2 18 |
| 245 |
_aMeasured and drawn _btechniques and practice for the metric survey of historic buildings _h[electronic resource] |
||
| 250 | _a2nd ed. | ||
| 260 |
_aSwindon _bEnglish Heritage _c2010 |
||
| 520 | _aAn introduction to the techniques used for recording historic places; need for adequate records in managing change to significant places; types of metric survey; laser scanning, data capture technologies. | ||
| 590 | _aKA NTK | ||
| 651 | 4 |
_aEngland _y886- |
|
| 690 | _aBUILT ENVIRONMENT-BUILDING MAINTENANCE AND REFURBISHMENT-BUILDING CONSERVATION | ||
| 700 | 1 | _aBedford, Jon | |
| 700 | 1 | _aPapworth, Heather | |
| 856 | 4 | 0 |
_uhttps://www.english-heritage.org.uk/publications/measured-and-drawn/measured-and-drawn.pdf/ _zView this item free of charge at www.english-heritage.org.uk |
| 942 | _n0 | ||
| 999 |
_c110945 _d110945 |
||